| 000 | 01402cad a22002415a 4500 | ||
|---|---|---|---|
| 001 | L156466 | ||
| 008 | 120525s2012 xxk 000 0 eng d | ||
| 035 | _a(Sirsi) u156466 | ||
| 041 | 0 | _aeng | |
| 100 | 1 | _aSarling, Joe | |
| 245 | 0 | 0 |
_aMaking the grade _bthe impact of development on employment on employment and city economies: May 2012 _h[electronic resource] |
| 260 |
_aLondon _bBCO _bCentre for Cities _c2012 |
||
| 520 | _aHighlights the mismatch between office development and economic potential, especially in smaller dynamic cities where demand for office space far outstrips supply. Taking Bristol, Manchester, Cambridge, and York as case studies, the report recommends that cities, especially smaller ones, need to pro-actively work with their existing businesses to pre-empt growth and plan for future demand for office space. | ||
| 520 | _aExecutive summary - introduction - office-based employment matters to cities - economic performance - case studies: Bristol, Manchester, Cambridge, York - key findings - recommendations - appendix 1: private sector cities typology. | ||
| 590 | _aNTK KA | ||
| 651 | 4 | _aEngland | |
| 690 |
_aCommercial property _96227 |
||
| 690 |
_aPlanning and development _96259 |
||
| 700 | 1 | _aSwinney, Paul | |
| 700 | 1 | _aCoupar, Ken | |
| 856 | 4 | 0 |
_uhttps://www.bco.org.uk/uploaded/12_5_21_Making_the_grade.pdf _zView the report at www.bco.org.uk |
| 942 | _n0 | ||
| 999 |
_c84026 _d84026 |
||